| 000 | 00699nam a22002177a 4500 | ||
|---|---|---|---|
| 005 | 20251108171803.0 | ||
| 008 | 250721s1993 xx 000 0 ara d | ||
| 082 | 1 | 4 | _aط/526.1/بار |
| 100 | 1 | _aباركر، برتاموريس | |
| 245 | 1 | 0 | _aأقرب الجيران إلى الأرض / |
| 250 | _aط4 | ||
| 264 | 1 |
_aالقاهرة : _bدار المعارف، _c1993. |
|
| 300 | _a36ص : مص | ||
| 490 | 0 | _aمجموعة الكتب العلمية المبسطة ؛ 15 | |
| 650 | 1 | 7 | _aالجيولوجيا |
| 650 | 1 | 7 | _aعلم طبقات الأرض |
| 653 | _aناشئون صغار (10-14) سنة | ||
| 700 | 1 |
_aرياض، ادوار _eترجمة |
|
| 942 |
_2ddc _cBK |
||
| 999 |
_c62514 _d62514 |
||